Simple cooking from grandma's kitchen (Record no. 606380)

MARC details
000 -LEADER
fixed length control field 00482nam a2200181 a 4500
008 - FIXED-LENGTH DATA ELEMENTS--GENERAL INFORMATION
fixed length control field 260101s2026##################000#0#eng##
020 ## - INTERNATIONAL STANDARD BOOK NUMBER
ISBN 9789380032191
Paper back/Hardbound pbk.
041 ## - LANGUAGE CODE
Language code of text/sound track or separate title eng
082 04 - DEWEY DECIMAL CLASSIFICATION NUMBER
Classification number 641.5954
Item number ANA
100 ## - MAIN ENTRY--AUTHOR NAME
Personal name Anand, Karen
245 10 - TITLE STATEMENT
Title Simple cooking from grandma's kitchen
Statement of responsibility, etc / Karen Anand
250 ## - EDITION STATEMENT
Edition statement 1st ed.
260 ## - PUBLICATION, DISTRIBUTION, ETC. (IMPRINT)
Place of publication Chennai
Name of publisher Westland
Year of publication c2009
300 ## - PHYSICAL DESCRIPTION
Number of Pages xx, 109 p.
Other physical details : ill.
Dimensions ; 7 cm.
650 ## - SUBJECT ADDED ENTRY--TOPICAL TERM
Topical Term Cooking
942 ## - ADDED ENTRY ELEMENTS (KOHA)
Koha item type English Books
Holdings
Withdrawn status Lost status Damaged status Not for loan Home library Current library Shelving location Date acquired Full call number Accession Number Price effective from Koha item type
        Anna Centenary Library Anna Centenary Library 6TH FLOOR, A WING 17.08.2010 641.5954 ANA 120560 01.01.2026 English Books

Find us on the map